[Event "2nd Irena Warakomska Memorial-A"]
[Site "Suwalki"]
[Date "2018.08.05"]
[Round "6"]
[White "Bernadskiy, Vitaliy"]
[Black "Socko, Bartosz"]
[Result "1/2-1/2"]
[WhiteElo "2544"]
[BlackElo "2588"]
[Annotator "TA"]
[PlyCount "59"]
[EventDate "2018.08.01"]
[EventType "swiss"]
[EventCountry "POL"]
[SourceTitle "playchess.com"]
[Source "ChessBase"]
[SourceQuality "1"]

{[%evp 18,59,24,14,39,3,0,2,0,-7,-9,-10,-18,-14,-8,-12,-14,-8,-4,-6,-10,-10,0,0,0,0,0,0,15,0,9,7,25,39,49,0,32,0,0,0,0,0,0,0]} 1. d4 Nf6 2. c4 e6 3. Nf3 b6 4. g3 Bb7 5. Bg2 c5 6. O-O cxd4 7. Qxd4 Nc6 {[%cal Bb8c6,Bc6e7,Be7g6][%mdl 32]} 8. Qf4 Ne7 {A30: Symmetrical English: Double Fianchetto and Hedgehog} 9. b3 Ng6 10. Qd2 {LiveBook: 3 Games} d5 (10... Be7 11. Bb2 O-O 12. Nc3 Qb8 13. Rfd1 Rd8 14. Qc2 d5 15. cxd5 Nxd5 16. Nxd5 Rxd5 17. Rxd5 Bxd5 {½-½ (29) Radjabov,T (2733)-Bruzon Batista,L (2698) Tromsoe 2013}) 11. Ba3 $146 ({Predecessor:} 11. cxd5 Qxd5 12. Bb2 Rc8 13. Rd1 Bb4 14. Qxd5 Bxd5 15. Ne1 Bxg2 16. Kxg2 {½-½ (42) Andersson,U (2620)-Kurajica,B (2565) San Sebastian 1994}) 11... dxc4 12. Bxf8 Nxf8 13. Rc1 cxb3 14. Qxd8+ Rxd8 15. axb3 a5 16. Ne5 Bxg2 17. Kxg2 Ng6 18. Nc6 Rc8 {[#] And now ...Kd7 would win.} 19. Na3 $1 Kd7 20. Na7 $1 Rxc1 21. Rxc1 Ra8 22. N3b5 Ne8 23. h4 h5 24. f4 f5 25. Rd1+ Ke7 26. Rc1 Kf7 27. Rc8 Rxc8 {The position is equal.} 28. Nxc8 e5 29. e3 exf4 30. exf4 {Precision: White = 53%, Black = 38%.} 1/2-1/2

[Event "2nd Irena Warakomska Memorial-A"]
[Site "Suwalki"]
[Date "2018.08.05"]
[Round "6"]
[White "Yevseev, Denis"]
[Black "Marszalek, Maciej"]
[Result "1-0"]
[WhiteElo "2513"]
[BlackElo "2269"]
[Annotator "TA"]
[PlyCount "79"]
[EventDate "2018.08.01"]
[EventType "swiss"]
[EventCountry "POL"]
[SourceTitle "playchess.com"]
[Source "ChessBase"]
[SourceQuality "1"]

{[%evp 22,79,9,12,35,27,20,11,53,16,42,25,33,25,23,31,23,29,52,62,45,51,51,43,76,47,45,47,106,49,59,66,59,51,55,30,112,116,190,164,178,75,237,181,190,136,288,245,290,283,532,535,527,526,504,519,491,486,571,552]} 1. Nf3 Nf6 2. c4 g6 3. Nc3 Bg7 4. e4 d6 5. d4 O-O 6. Be2 Bg4 7. Be3 Nfd7 8. Rc1 e5 9. d5 a5 10. O-O Na6 11. Nd2 {E91: King's Indian: Classical: 6 Be2, unusual replies including 6...c5 and 6...Bg4} (11. b3 Ndc5 12. Nd2 Bd7 13. a3 f5 14. f3 Qh4 15. Bf2 Qe7 16. Rb1 Bh6 17. b4 axb4 18. axb4 Na4 {½-½ (95) Malakhatko,V (2499)-Drozdowski,K (2455) Lueneburg 2018}) 11... Bxe2 12. Qxe2 {LiveBook: 3 Games} Nac5 13. b3 {White is slightly better.} f5 14. f3 Bf6 $146 ({Predecessor:} 14... Qh4 15. Bf2 Qh5 16. Rb1 Bh6 17. Rfe1 Bf4 {0-1 (42) Nikolic,V (2050)-Ziegler,A (2306) Sweden 2015}) 15. a3 {[%cal Ba2a3,Ba3b4][%mdl 32]} Bg5 16. Bxg5 Qxg5 17. b4 axb4 18. axb4 Na6 $1 {[%cal Ra6b4]} 19. Rb1 Nf6 20. exf5 gxf5 21. f4 exf4 22. Nf3 Qh6 23. Qe6+ Kh8 {next ...Rae8 is good for Black.} 24. Qxf5 Rg8 (24... Rae8 $14) 25. Ne2 (25. Ne4 $16 Nxe4 26. Qxe4) 25... Ng4 $14 26. Qxf4 Qxf4 27. Nxf4 {aiming for Rb3.} Ne3 28. Rf2 Nxc4 (28... Nxb4 $1 $11 29. Nd2 Nbc2) 29. Ne6 $16 Ne3 (29... h6 $16) 30. Nfg5 $18 {[%cal Rg5f7]} h6 {[#]} 31. Rb3 (31. Rf6 $1 $18 {[%cal Rf6h6] and White stays clearly on top.} Ng4 32. Nf7+ Kh7 33. Rf3) 31... Ng4 $2 (31... Nxd5 $16 32. Nf7+ Kh7) 32. Rf4 Ne5 33. Rf6 (33. Rg3 $18) 33... Ng4 $2 (33... Rg6 $16 34. Rxg6 Nxg6) 34. Nf7+ $40 {[%mdl 128] White wants a kill.} Kh7 {[#]} 35. Rh3 $1 {[%cal Rh3h6][%mdl 512] Rhxh6+ would kill now.} Rg6 $2 (35... Rg7 {might work better.}) 36. Nfg5+ $1 {White is clearly winning.} Rxg5 37. Nxg5+ Kg7 38. Rf4 {Ne6+ is the strong threat.} hxg5 39. Rxg4 Kf6 40. Rf3+ {Precision: White = 55%, Black = 22%.} 1-0

[Event "2nd Irena Warakomska Memorial-A"]
[Site "Suwalki"]
[Date "2018.08.05"]
[Round "6"]
[White "Ulybin, Mikhail"]
[Black "Fedorov, Alexei"]
[Result "0-1"]
[WhiteElo "2512"]
[BlackElo "2561"]
[Annotator "TA"]
[PlyCount "84"]
[EventDate "2018.08.01"]
[EventType "swiss"]
[EventCountry "POL"]
[SourceTitle "playchess.com"]
[Source "ChessBase"]
[SourceQuality "1"]

{[%evp 20,84,42,0,3,-50,-49,-68,-61,-121,-109,-112,-117,-93,-106,-97,-75,-74,-73,-104,-34,-114,-116,-116,-111,-98,-96,-105,-111,-100,-108,-101,-100,-88,-97,-113,-106,-119,-119,-119,-110,-119,-113,-128,-121,-134,-123,-216,-219,-217,-210,-347,-332,-332,-314,-283,-266,-340,-333,-318,-312,-697,-703,-29968,-29965,-29965,-29943]} 1. e4 c5 2. Nf3 d6 3. Bb5+ Nd7 4. O-O Ngf6 5. Re1 a6 6. Bf1 b6 7. c4 Bb7 8. Nc3 e6 9. d4 cxd4 10. Nxd4 Be7 {B51: Sizilianisch (Rossolimo-Variante)} 11. f4 {LiveBook: 5 Partien} O-O 12. e5 $146 (12. Nb3 $11) ({Vorgänger:} 12. Kh1 Nc5 13. Qc2 Rc8 14. f5 b5 15. b4 e5 16. Nb3 bxc4 17. Nxc5 dxc5 18. b5 axb5 {½-½ (50) Kobalia,M (2638)-Gabrielian,A (2520) Kolomna 2016}) 12... Ne8 $1 $15 {Schwarz steht etwas besser.} 13. Nf3 Qc7 14. Be3 {[#]} ({Lieber} 14. Kh1 $15) 14... Rd8 $1 $17 {[%cal Rd6e5]} 15. Qe2 {[#]} Bxf3 $1 16. Qxf3 dxe5 17. f5 Nef6 18. fxe6 fxe6 19. Rad1 Bc5 (19... h5 $17 {zielt auf ...Sg4 ab.} 20. Qg3 Ng4) 20. h3 {[#]} (20. Bxc5 $15 Nxc5 21. b4) 20... e4 $1 {[%mdl 512]} 21. Qe2 (21. Nxe4 Nd5) 21... Qg3 {Droht stark ...Se5.} 22. Bxc5 Nxc5 ({Viel schwächer wäre} 22... bxc5 $6 23. Nxe4 Nxe4 24. Qxe4 $14) 23. Qe3 Qxe3+ 24. Rxe3 Rxd1 25. Nxd1 Rd8 26. Nc3 a5 27. g4 h6 28. Kf2 Rd2+ 29. Re2 Nd3+ 30. Ke3 Rxb2 31. Rxb2 Nxb2 {[%mdl 4096] Endspiel KLS-KSS} 32. Kd4 Kf7 33. c5 (33. Be2 $17) 33... bxc5+ $19 34. Kxc5 Nd3+ 35. Kb5 (35. Kc4 $142) 35... Nf4 36. Kxa5 e3 37. a4 N6d5 38. Ne4 e2 39. Bxe2 Nxe2 40. Ka6 $2 (40. Kb5) 40... Nec3 41. Nxc3 Nxc3 42. a5 Ke7 {Precision: Weiß = 39%, Schwarz = 85%.} 0-1

[Event "2nd Irena Warakomska Memorial-A"]
[Site "Suwalki"]
[Date "2018.08.05"]
[Round "6"]
[White "Warakomski, Tomasz"]
[Black "Gleizerov, Evgeny"]
[Result "1/2-1/2"]
[WhiteElo "2512"]
[BlackElo "2507"]
[Annotator "TA"]
[PlyCount "66"]
[EventDate "2018.08.01"]
[EventType "swiss"]
[EventCountry "POL"]
[SourceTitle "playchess.com"]
[Source "ChessBase"]
[SourceQuality "1"]

{[%evp 17,66,31,43,16,44,40,40,40,59,37,40,48,35,43,35,32,35,31,87,87,87,87,87,87,87,85,87,87,87,77,87,87,87,87,115,110,121,72,72,72,72,72,72,72,72,27,30,30,25,33,42]} 1. e4 e6 2. d4 d5 3. Nc3 Nf6 4. Bg5 Be7 5. e5 Nfd7 6. h4 Nc6 {C14: French: Classical System: 4 Bg5 Be7 main line} 7. Nf3 h6 8. Bxe7 Qxe7 9. Qd2 Nb6 {LiveBook: 8 Games} 10. Ne2 $146 ({Predecessor:} 10. Be2 Bd7 11. h5 O-O-O 12. O-O-O Kb8 13. Kb1 Rhf8 14. Rh4 {½-½ (48) Ponkratov,P (2605)-Zvjaginsev,V (2659) Khanty-Mansiysk 2013}) 10... Bd7 11. Nf4 O-O-O 12. h5 Kb8 13. O-O-O Rc8 14. Rh3 a6 15. Rg3 Rhg8 16. a3 {[%cal Ba2a3,Ba3b4][%mdl 32]} Na7 17. Qb4 Qxb4 (17... Qe8 $14) 18. axb4 $16 Bb5 19. Bxb5 axb5 20. c3 Nd7 21. Rg4 b6 22. Nd3 Nc6 23. Nh4 Ne7 24. Rf4 Rcf8 25. Rh1 f6 26. exf6 Nxf6 27. Ne5 Kc8 28. Nhg6 Nxg6 29. Nxg6 Re8 30. Kc2 Kd7 31. g4 Kd6 32. Ra1 Ra8 33. Re1 c6 {Precision: White = 70%, Black = 65%.} 1/2-1/2

[Event "2nd Irena Warakomska Memorial-A"]
[Site "Suwalki"]
[Date "2018.08.05"]
[Round "6"]
[White "Leniart, Arkadiusz"]
[Black "Goluch, Piotr"]
[Result "1-0"]
[WhiteElo "2498"]
[BlackElo "2301"]
[Annotator "TA"]
[PlyCount "191"]
[EventDate "2018.08.01"]
[EventType "swiss"]
[EventCountry "POL"]
[SourceTitle "playchess.com"]
[Source "ChessBase"]
[SourceQuality "1"]

{[%evp 18,191,7,0,14,14,33,8,99,94,83,25,45,13,50,47,123,38,200,211,263,118,106,113,116,10,76,76,78,83,77,49,181,120,225,57,57,54,57,60,60,60,60,60,58,62,97,95,100,82,136,129,117,125,134,129,154,137,133,136,141,145,125,133,158,133,132,39,39,35,60,8,25,8,8,8,8,8,8,0,0,0,0,0,0,0,0,0,0,0,0,0,1137,1115,1031,897,1115,787,722,678,647,0,29943,12847,29956,29957,29963,29963,29964,29962,29962,29962,29961,29963,29966,29966,29966,29969,29969,29971,29971,29972,29970,29973,29972,29973,29972,29973,29973,29973,29976,29978,29978,29979,29981,29981,29981,29982,29981,29981,29981,29983,29983,29984,29986,29987,29987,29983,29988,29989,29989,29988,29988,29989,29989,29990,29990,29991,29991,29990,29990,29991,29991,29992,29992,29993,29993,29994,29994,29993,29993,29994,29994,29995,29996,29997]} 1. e4 c6 2. d4 d5 3. f3 dxe4 4. fxe4 e5 5. Nf3 Bg4 6. Bc4 Nd7 7. O-O {B12: Caro-Kann: Advance Variation} Ngf6 8. c3 Bd6 (8... Qc7 9. Qb3 O-O-O 10. Nbd2 Bd6 11. h3 Bh5 12. Ng5 Rhf8 13. Nxf7 Bxf7 14. Bxf7 exd4 15. cxd4 {½-½ (38) Gagunashvili,M (2588)-Paichadze,L (2554) Tbilisi 2017}) 9. Bg5 O-O 10. Nbd2 {LiveBook: 12 Games} Qc7 11. Qe1 b5 12. Bb3 c5 (12... Bxf3 $11 {keeps the balance.} 13. Nxf3 Rae8) 13. dxe5 $146 ({Predecessor:} 13. Qh4 Bxf3 14. Nxf3 cxd4 15. cxd4 exd4 16. Kh1 Rae8 17. Rae1 Be5 18. Nxe5 Rxe5 19. Bf4 Rfe8 20. Bxe5 Nxe5 21. Qg3 {½-½ (21) Callier,C (2042)-Bomans,A (2245) Charleroi 2012}) 13... Bxe5 14. Qh4 (14. Nxe5 $16 Qxe5 15. Bf4) 14... c4 $11 {And now ...Bxf3 would win.} 15. Bc2 Bxf3 16. gxf3 h6 {[#]} (16... Ne8 $14) 17. Be3 (17. Bxh6 $1 $16 {[%mdl 512]} Bxh2+ (17... gxh6 18. f4) 18. Qxh2 Qxh2+ 19. Kxh2 gxh6 20. a4) 17... g5 $2 (17... Bd6 $14) 18. Qxh6 $18 Bf4 19. Bxf4 (19. Bd4 $18 {and the rest is easy.}) 19... Qxf4 $16 {[#]} 20. e5 $1 {[%cal Re5f6][%mdl 512]} Nxe5 21. Rae1 (21. Ne4 $16 Nh7 22. Ng3) 21... Nd3 (21... Rae8 $11 22. Ne4 Ng6) 22. Ne4 Nh7 23. Ng3 Qc7 24. Kh1 Qd7 {[#]} (24... Qb6 $14 25. Nf5 Qxh6 26. Nxh6+ Kg7 27. Nf5+ Kf6 28. Bxd3 cxd3) 25. Re4 (25. Nh5 $1 $18 {[%csl Gh5][%cal Rh6g7][%mdl 512]} f5 26. Re6) 25... Rad8 (25... Rae8 $16) 26. Rd4 $2 (26. Nh5 $18 {[%csl Gh5][%cal Rh6g7]} f5 27. Re6) 26... Qe6 $14 27. Qxe6 fxe6 28. Bxd3 cxd3 29. Rxd8 $1 Rxd8 {[%mdl 4096] Endgame KRN-KRN} 30. Ne4 Kf7 31. Rd1 Nf6 {Hoping for ...Nxe4.} 32. Nxg5+ Ke7 33. Nh3 e5 ({Better is} 33... d2) 34. Nf2 $1 $16 d2 35. Kg1 $1 a5 36. Kf1 b4 37. cxb4 axb4 38. Ke2 Rh8 39. Rxd2 Rxh2 40. Kd3 Ke6 41. Ne4 Rh4 42. Nxf6 (42. Rc2 $16 Nxe4 43. fxe4) 42... Kxf6 {KR-KR} 43. Rg2 Rd4+ 44. Kc2 (44. Ke3 $14) 44... Rf4 45. Rg8 Ke6 46. Kb3 Kd5 47. Rd8+ Kc5 48. Ka4 Rxf3 49. Rc8+ Kd4 50. Kxb4 e4 {[%cal Be5e4,Be4e3][%mdl 32]} 51. Rd8+ Ke3 52. a4 Kf2 53. Re8 e3 54. Kc3 Rf5 $2 {[%mdl 8192]} (54... Kf1 $11) 55. b4 $1 $18 {[%cal Bb2b4,Bb4b5,Bb5b6,Bb6b7][%mdl 32]} ({Worse is} 55. Kd3 Rf6 $11) 55... e2 56. b5 Rc5+ 57. Kd4 Rc8 {[#]} 58. Rxe2+ $3 {[%mdl 512]} Kxe2 {[#] KR-KPP} 59. b6 $1 Rh8 $2 {[%mdl 8192]} (59... Ra8 $11) 60. a5 Rh4+ 61. Kc5 {White mates.} Kd3 62. b7 Rh5+ 63. Kc6 Rh6+ 64. Kc7 Rh7+ 65. Kb6 Rh8 66. a6 Kc4 67. a7 Rh6+ 68. Kc7 Rh7+ 69. Kd6 Rxb7 70. a8=Q {KQ-KR} Rb6+ 71. Ke5 Rb4 72. Qd5+ Kc3 73. Qc5+ Kb3 74. Kd5 Ka4 75. Qc2+ Kb5 76. Qc6+ Ka5 77. Qa8+ ({Weaker is} 77. Kc5 Rc4+ 78. Kxc4 $11) 77... Kb6 78. Qa3 Rb5+ 79. Kd6 Kb7 80. Qa4 Rb6+ 81. Kd7 Kb8 82. Qa5 Rb1 83. Qe5+ Ka7 84. Qd4+ Kb8 85. Qf4+ Ka7 86. Qe3+ Kb8 87. Kc6 Rb7 88. Qe5+ Ka7 89. Qc5+ Ka8 90. Qf8+ Ka7 91. Qd8 Rh7 92. Qa5+ Kb8 93. Qb4+ Ka7 94. Qa3+ Kb8 95. Qb3+ Ka8 96. Qg8+ {Precision: White = 59%, Black = 37%.} 1-0

[Event "2nd Irena Warakomska Memorial-A"]
[Site "Suwalki"]
[Date "2018.08.05"]
[Round "6"]
[White "Nasuta, Grzegorz"]
[Black "Markowski, Tomasz"]
[Result "1-0"]
[WhiteElo "2497"]
[BlackElo "2562"]
[Annotator "TA"]
[PlyCount "109"]
[EventDate "2018.08.01"]
[EventType "swiss"]
[EventCountry "POL"]
[SourceTitle "playchess.com"]
[Source "ChessBase"]
[SourceQuality "1"]

{[%evp 23,109,49,58,39,46,39,39,39,39,39,35,35,35,40,34,21,76,68,60,45,140,104,109,41,100,101,107,104,91,100,91,91,102,115,87,93,204,215,193,205,200,191,224,145,143,166,141,86,175,131,148,133,202,203,190,188,176,161,297,296,374,348,452,454,453,447,438,422,418,410,529,495,521,510,520,529,747,710,1087,726,5113,5113,5113,5113,5113,5106,5106,5106]} 1. e4 c5 2. Nf3 e6 3. d4 cxd4 4. Nxd4 a6 5. c4 Nf6 6. Nc3 Qc7 7. a3 b6 8. Be3 Bb7 {B41: Sicilian: Kan Variation: 5 c4} 9. f3 Be7 (9... Nc6 10. Rc1 Bc5 11. Qd2 O-O 12. Be2 Rac8 13. b4 Bxd4 14. Bxd4 Nxd4 15. Qxd4 {1-0 (33) Ponomariov,R (2694)-Fedorchuk,S (2648) Riadh 2017}) 10. Rc1 O-O 11. Be2 d6 12. O-O Nbd7 {LiveBook: 291 Games} 13. b4 Rac8 14. Qd2 Qb8 15. Rc2 Rfe8 16. Kh1 Ne5 $146 17. Na4 Nfd7 18. Rb1 Bf8 19. Qc1 Ba8 (19... d5 $11 {keeps the balance.}) 20. c5 $16 {[%cal Bc4c5,Bc5c6,Bc6c7][%mdl 32] Hoping for c6.} b5 21. c6 Nf6 (21... bxa4 $14 22. cxd7 (22. Bxa6 Nb6 $16) 22... Nxd7) 22. c7 Qb7 23. Nb3 ({Much worse is} 23. Nb2 $6 Re7 $11) ({White should play} 23. Nb6 $16 d5 24. Nxc8 Rxc8 25. Bf4) 23... Re7 {[#]} (23... Nc4 $1 $14) 24. Na5 $1 $36 {[%cal Ra5b7][%mdl 2048] White has strong initiative.} Rexc7 25. Nxb7 Rxc2 26. Qd1 Bxb7 27. Nb6 R8c7 28. a4 bxa4 29. Nxa4 Ra2 {[#]} (29... R2c6 $16 {is a better defense.}) 30. Bd4 $1 $18 Nxe4 31. fxe4 Bxe4 32. Ra1 Rxa1 33. Bxa1 Nd3 34. Bxd3 Bxd3 35. Nc3 ({White should try} 35. h3) 35... Bc4 (35... Bg6 $16) 36. Ne4 Bd5 37. Nd2 e5 (37... Bc6 $16 {keeps fighting.} 38. Bd4 Rc8) 38. h3 f6 39. Nf1 Be6 40. Bb2 Kf7 (40... d5 {was called for.} 41. Qa4 Bf7) 41. Ne3 Rb7 42. Qh5+ g6 43. Qxh7+ Bg7 44. Bc1 Rxb4 {[#] aiming for ...Rb1.} 45. Nf5 $1 {[%mdl 512]} Bxf5 46. Bh6 Rb8 {White should prevent ...Rg8.} 47. Qxg7+ {White is clearly winning.} Ke6 48. Qc7 Re8 49. Bd2 Re7 50. Qc4+ Kd7 51. Bb4 Re6 52. Qxa6 g5 53. Qb7+ Ke8 54. Qc7 g4 55. h4 {Precision: White = 87%, Black = 35%.} 1-0

[Event "2nd Irena Warakomska Memorial-A"]
[Site "Suwalki"]
[Date "2018.08.05"]
[Round "6"]
[White "Koziak, Vitali"]
[Black "Szustakowski, Antoni"]
[Result "1/2-1/2"]
[WhiteElo "2476"]
[BlackElo "2300"]
[Annotator "TA"]
[PlyCount "148"]
[EventDate "2018.08.01"]
[EventType "swiss"]
[EventCountry "POL"]
[SourceTitle "playchess.com"]
[Source "ChessBase"]
[SourceQuality "1"]

{[%evp 18,148,43,39,58,18,16,11,36,45,43,41,33,16,23,21,6,0,0,4,34,15,24,0,27,-8,54,54,54,48,49,49,49,54,54,46,56,54,48,56,66,63,60,66,75,74,67,59,63,54,66,52,58,39,42,41,42,28,37,27,29,18,22,22,22,25,21,21,51,22,22,17,23,7,22,21,22,0,0,0,22,0,15,0,8,0,0,0,0,0,10,0,1,0,0,0,0,0,33,33,33,0,21,21,76,0,0,0,0,0,0,0,0,0,0,0,0,0,0,0,0,0,0,0,0,0,0,0,0,0,0,0,0]} 1. d4 Nf6 2. c4 e6 3. Nf3 d5 4. Nc3 dxc4 5. e4 b5 (5... Bb4 6. Bxc4 Nxe4 7. O-O Nf6 8. Qa4+ Nc6 9. Ne5 Rb8 10. d5 exd5 11. Nxd5 Nxd5 12. Nxc6 bxc6 13. Qxc6+ Qd7 14. Bxd5 {½-½ (28) Aronian,L (2764)-Caruana,F (2822) Stavanger 2018}) 6. e5 {D24: Queen's Gambit Accepted: 3 Nf3 Nf6 4 Nc3} Nd5 7. Nxb5 Nb6 8. Be2 Nc6 9. O-O Be7 10. Be3 {LiveBook: 13 Games} O-O 11. Rc1 Nb4 $146 ({Predecessor:} 11... Ba6 12. Na3 Nb4 13. Nxc4 Nxa2 {½-½ (91) Erigaisi,A (2505)-Zhigalko,A (2562) Yerevan 2018}) 12. Nc3 Bb7 13. Nd2 Ba6 14. Nde4 N6d5 15. b3 cxb3 16. Bxa6 b2 17. Rb1 Nxa6 18. Rxb2 Nab4 (18... c5 $5) 19. Qg4 {[#] And now Nxd5 would win.} Kh8 ({Not} 19... Nxc3 $2 20. Bh6 $18 (20. Nxc3 Kh8 $14)) 20. Nxd5 (20. h3 {feels hotter.} Rb8 21. a3 Nc6 22. Rxb8 Nxb8 23. Qd1) 20... Nxd5 21. Bd2 f5 (21... Rb8 $11 22. Rfb1 Rxb2 23. Rxb2 Qa8) 22. exf6 $1 $14 Nxf6 23. Nxf6 ({Don't play} 23. Qxe6 Qxd4 24. Qxe7 Qxb2 $15) 23... Bxf6 24. Be3 c5 {[%cal Rc5d4]} 25. Rd2 cxd4 26. Bxd4 Bxd4 27. Rxd4 Qf6 28. Re4 Qf5 29. Qe2 Rf6 30. Re5 Qg6 31. Re1 Re8 32. h3 h6 33. Qe3 Qf7 34. Re2 Qc7 35. Rc5 Qb6 36. Rec2 Ref8 37. a3 Qb1+ 38. Rc1 Qb6 39. Rf1 Rf5 40. Rc3 Qxe3 41. Rxe3 $11 {[%mdl 4096] Endgame KRR-KRR} Ra5 42. Rc1 Rf7 43. Rc6 Re7 44. Kf1 Kg8 45. Ke2 Kf7 46. Rf3+ Kg6 47. Kd2 Rd7+ 48. Ke2 Re7 49. Re3 Kf7 50. f4 g5 51. Rf3 {Black should prevent fxg5+.} Kg7 52. fxg5 Rxg5 53. Kf2 Rg6 54. Ra6 Rb7 55. g4 (55. Kg1 {seems wilder.} e5 56. Ra4 Re7 57. Re4 Rd6 58. Rg3+) 55... Rf6 56. Rxf6 Kxf6 {KR-KR} 57. Kg3 Re7 58. Kh4 Kg6 59. a4 Kg7 60. Kh5 Kh7 61. h4 (61. Rc6 $16) 61... Kg7 {The position is equal.} 62. Rc6 Kh7 63. a5 Kg7 $1 64. a6 Kh7 65. Rc8 {[#] Black must now prevent Rb8.} e5 $1 {[%cal Be6e5,Be5e4][%mdl 32]} 66. Rb8 {aiming for Rb7.} Re6 $1 67. Rb7+ Kg8 68. Rxa7 e4 $1 69. Ra8+ Kg7 $1 70. a7 Ra6 71. Re8 Rxa7 72. Rxe4 Ra5+ 73. g5 hxg5 74. hxg5 Ra6 {Precision: White = 47%, Black = 72%.} 1/2-1/2

[Event "2nd Irena Warakomska Memorial-A"]
[Site "Suwalki"]
[Date "2018.08.05"]
[Round "6"]
[White "Socko, Monika"]
[Black "Paszewski, Mateusz"]
[Result "1/2-1/2"]
[WhiteElo "2466"]
[BlackElo "2274"]
[Annotator "TA"]
[PlyCount "215"]
[EventDate "2018.08.01"]
[EventType "swiss"]
[EventCountry "POL"]
[SourceTitle "playchess.com"]
[Source "ChessBase"]
[SourceQuality "1"]

{[%evp 19,215,24,24,15,20,14,23,22,14,0,32,25,39,27,22,34,78,53,110,16,23,18,21,13,33,0,0,0,0,0,0,0,10,0,0,-8,0,0,0,-25,-7,-10,0,-7,0,-29,-26,-37,-4,-4,0,-33,0,0,0,0,0,0,0,0,0,0,0,0,18,18,18,18,18,17,17,17,18,18,18,0,18,5,10,10,18,18,64,18,18,18,18,18,18,18,18,17,18,0,0,0,29,29,31,13,22,0,0,0,20,0,25,0,0,0,0,0,25,0,0,0,0,0,0,0,0,0,42,31,31,0,0,0,0,0,0,0,0,0,0,0,0,0,0,0,0,0,0,0,0,0,0,0,0,0,0,0,0,0,0,0,0,0,0,0,0,0,0,0,0,0,0,0,0,0,0,0,0,0,0,0,0,0,0,0,0,0,0,0,0,0,0,0,0,0,0,0,0,0,0,0,0,0]} 1. Nf3 d5 2. g3 c6 3. Bg2 Bg4 4. O-O Nd7 5. d3 e6 6. c4 Bd6 7. cxd5 exd5 8. Nc3 {A11: English Opening: 1...c6} Ne7 9. Qc2 O-O 10. e4 Rc8 {LiveBook: 12 Games} 11. Bd2 $146 ({Predecessor:} 11. h3 Bh5 12. Be3 Bb8 13. Ne2 c5 14. Nf4 Bxf3 15. Bxf3 d4 {1-0 (40) Schebler,G (2535)-Korneev,O (2657) Germany 2007}) 11... Bh5 12. Rac1 Re8 13. Rfe1 Bb8 14. Bg5 f6 15. Bd2 $1 Nc5 {With the idea ...dxe4.} 16. exd5 cxd5 17. b4 Na6 18. Qb3 Bf7 ({Black should try} 18... Kh8 $14) 19. d4 ({White should play} 19. Bh3 $16) 19... Qd7 $11 20. b5 Nc7 21. b6 axb6 (21... Ne6 {seems wilder.} 22. bxa7 Bxa7 23. Bh3 Ra8 24. Nb5 Nc6) 22. Na4 Na8 23. Nxb6 Nxb6 24. Qxb6 Rxc1 25. Rxc1 Nc6 26. Rb1 Re7 27. Be3 Bg6 28. Rc1 Be4 29. Qc5 Ba7 30. Qc3 Qf5 31. Nh4 Qd7 32. Bf1 g5 33. Ng2 $1 Bb6 34. Qb2 Ba7 35. Ne1 Qf5 36. Bb5 h5 37. Bxc6 bxc6 38. Qa3 Kf7 39. Rxc6 h4 40. Qd6 hxg3 $1 41. hxg3 ({But not} 41. fxg3 $2 Bd3 $19) 41... Qe6 (41... Re8 {feels hotter.} 42. Rc7+ Kg6 43. Rxa7 Rh8 44. f3 Qh3) 42. Qxe6+ Rxe6 43. Rc7+ Re7 44. Rxe7+ Kxe7 {[%mdl 4096] Endgame KBB-KBN} 45. Kf1 Kd7 46. Ke2 Kc6 47. Nd3 g4 48. Kd2 Kb5 49. Kc3 Bf3 50. Nb2 Be2 51. Bf4 Bb6 52. a4+ Kc6 53. Bd2 f5 54. Nd3 Bd1 55. Nb4+ Kd6 56. Nc2 Kc6 57. Ne3 Bxa4 58. Nxf5 Bd1 59. Bf4 Bf3 60. Kb4 Be4 61. Nh6 Bf3 62. Be5 Bd8 63. Nf5 Bg5 64. Bf4 Bf6 65. Kc3 Bd8 66. Kb4 Bf6 67. Be3 Bd8 68. Nh6 Be7+ 69. Kc3 Kd7 70. Nf7 Bf6 71. Bf4 Ke6 72. Nd6 Be7 {The position is equal.} 73. Nb5 Kf5 74. Kd3 Bf8 75. Ke3 Be7 76. Kd3 Bf8 77. Na7 Bb4 78. Nc6 Bf8 79. Ne5 Be4+ 80. Ke3 Bg7 81. Nd7 Bf3 82. Nc5 Bf8 83. Nd3 Bg7 84. Ne1 Be4 85. Nd3 Bf3 86. Nc5 Bf8 87. Nb3 Ba3 88. Kd3 Bb4 89. Bd2 Bf8 90. Bc1 Bd1 91. Na5 Bf3 92. Nc6 Bd6 93. Bd2 Be4+ 94. Ke3 Bf8 95. Ke2 Bf3+ 96. Kd3 Be4+ 97. Kc3 Bf3 98. Ne5 Be4 99. Nf7 Bf3 100. Bf4 Be7 101. Ne5 Be4 102. Nc6 Bf8 103. Na5 Bf3 104. Nb7 Be7 105. Bd6 Bf6 106. Nc5 Bg5 107. Bf8 Bd8 108. Bg7 {Precision: White = 59%, Black = 63%.} 1/2-1/2

[Event "2nd Irena Warakomska Memorial-A"]
[Site "Suwalki"]
[Date "2018.08.05"]
[Round "6"]
[White "Gumularz, Szymon"]
[Black "Pietruszewski, Marcin"]
[Result "1-0"]
[WhiteElo "2458"]
[BlackElo "2208"]
[Annotator "TA"]
[PlyCount "49"]
[EventDate "2018.08.01"]
[EventType "swiss"]
[EventCountry "POL"]
[SourceTitle "playchess.com"]
[Source "ChessBase"]
[SourceQuality "1"]

{[%evp 25,49,4,45,39,48,32,156,157,146,97,114,117,793,470,506,491,503,500,497,225,475,470,29992,29993,29993,29994]} 1. e4 c5 2. Nf3 e6 3. d4 cxd4 4. Nxd4 a6 5. Be2 Nf6 6. Nc3 d6 7. O-O Be7 8. f4 O-O 9. Kh1 Nc6 10. Be3 Nxd4 {B85: Sicilian Scheveningen: 6 Be2 a6, lines with early Be3} (10... Qc7 11. Qe1 Nxd4 12. Bxd4 b5 13. a3 Bb7 14. Qg3 g6 15. Bf3 Rad8 16. f5 e5 17. Be3 Kh8 18. Bg5 gxf5 19. exf5 Rg8 20. Bxb7 Qxb7 21. Qh4 Ne8 22. f6 Bf8 {½-½ (43) Smirin,I (2667)-Grandelius,N (2642) Wijk aan Zee 2017}) 11. Bxd4 b5 12. e5 dxe5 13. fxe5 Nd5 {LiveBook: 3 Games} 14. Nxd5 exd5 15. c3 $146 ({Predecessor:} 15. Bd3 Be6 16. Qh5 g6 17. Qe2 Rc8 18. a4 {½-½ (53) Vdovin,V (2381)-Maltsevskaya,A (2274) Moscow 2018}) 15... Bb7 {[#]} (15... Be6 $14) 16. Bd3 $1 $16 {And now e6 would win.} g6 17. Qg4 Bc8 18. e6 f5 $2 {[%mdl 8192]} (18... Bxe6 $16 19. Qf4 f6) 19. Bxf5 Rxf5 20. Rxf5 Bxe6 {[#]} 21. Rf8+ $1 {[%mdl 512]} Qxf8 22. Qxe6+ $40 {[%mdl 128] White wants a kill.} Qf7 23. Qe5 {[%csl Gd4][%cal Re5h8]} Kf8 (23... Bf6 $18 24. Qxf6 Qxf6 25. Bxf6 Kf7) 24. Qh8+ Qg8 25. Rf1+ {Precision: White = 82%, Black = 30%.} 1-0